Online
Catalog

Memoria anual : (Record no. 30692)

MARC details
000 -CABECERA
campo de control de longitud fija 00454nam a2200157 a 4500
001 - NÚMERO DE CONTROL
campo de control 000031200
005 - FECHA Y HORA DE LA ÚLTIMA TRANSACCIÓN
campo de control 20200930062752.0
008 - DATOS DE LONGITUD FIJA--INFORMACIÓN GENERAL
campo de control de longitud fija 110614s2007 dr acd 000 | spa d
040 ## - FUENTE DE LA CATALOGACIÓN
Centro catalogador/agencia de origen DO-SdBNP
Lengua de catalogación spa
Centro/agencia transcriptor BNPHU
082 ## - NÚMERO DE LA CLASIFICACIÓN DECIMAL DEWEY
Número de clasificación xxx
Número de documento/Ítem B213m
049 ## - FONDOS LOCALES (OCLC)
Fondos de biblioteca BNPD
110 2# - ENTRADA PRINCIPAL--NOMBRE DE ENTIDAD CORPORATIVA
Nombre de entidad corporativa o nombre de jurisdicción como elemento de entrada Banco Popular Dominicano
9 (RLIN) 6892
245 10 - MENCIÓN DE TÍTULO
Título Memoria anual :
Resto del título 2007.
260 ## - PUBLICACIÓN, DISTRIBUCIÓN, ETC.
Lugar de publicación, distribución, etc. Santo Domingo :
Nombre del editor, distribuidor, etc. Banco Popular Dominicano,
Fecha de publicación, distribución, etc. [2007?].
300 ## - DESCRIPCIÓN FÍSICA
Extensión 153 p. :
Otras características físicas il., retrs. diagr. ;
Dimensiones 29 cm.
Holdings
Estado de retiro Estado de pérdida No para préstamo Código de colección Localización permanente Ubicación/localización actual Ubicación en estantería Fecha de adquisición Número de inventario Total de préstamos Signatura topográfica completa Código de barras Fecha visto por última vez Precio válido a partir de Tipo de ítem Koha Número de copia Restricciones de uso
    Excluido de préstamo Patrimonio Dominicano Patrimonio Dominicano Patrimonio Dominicano En catalogación 14.06.2011 LF1   xxx B213m 31200-10 25.06.2020 25.06.2020 Libro y Folleto Colección Patrimonio Dominicano    
    Excluido de préstamo Patrimonio Dominicano Patrimonio Dominicano Patrimonio Dominicano En catalogación 14.06.2011 LF1   xxx B213m 31200-20 25.06.2020 25.06.2020 Libro y Folleto Colección Patrimonio Dominicano e.2  
      Dominicana de Servicio Patrimonio Dominicano Patrimonio Dominicano En catalogación 15.06.2011 LF1   xxx B213m 31200-30 25.06.2020 25.06.2020 Libro y Folleto Colección Dominicana de Servicio e.3  

Powered by Koha